000 00685nam a2200253 i 4500
001 C2-0226877
003 PPAK
005 20180728154504.0
008 000704s1994 enka|||| ||||| | eng d
020 _a0006368247
040 _aPPAK
_beng
_cPPAK
_erda
082 0 4 _a658
_223
090 0 0 _a658
_bBLA
_dG
100 1 _aBlanchard, Kenneth,
_eauthor
245 1 0 _aPutting the one minute manager to work
264 1 _aLondon :
_bHarper Collins Business ,
_c1994
300 _a96 pages :
_billustrations ;
_c20 cm
336 _2rdacontent
_atext
337 _2rdamedia
_aunmediated
338 _2rdacarrier
_avolume
650 1 0 _aManagement
700 _eauthor
942 _ddc
_cB
999 _c147080
_d147080